| 000 | nam a22 7a 4500 | ||
|---|---|---|---|
| 999 |
_c329765 _d329765 |
||
| 003 | NUST | ||
| 005 | 20170621135038.0 | ||
| 008 | 170519b xxu||||| |||| 00| 0 eng d | ||
| 020 | _a9789693517231 | ||
| 040 | _cNUST | ||
| 041 | _hurdu | ||
| 082 |
_a891.4393 _bGAN |
||
| 100 |
_aTourgneef, Evan _91246 |
||
| 245 |
_aNai poud / _cby Evan Tourgneef, translator Intezar Hussain |
||
| 260 |
_aLahore: _bSang-e- Meel Publications, _c2005 |
||
| 300 | _a272 p. | ||
| 500 | _aNovel | ||
| 546 | _aIn Urdu | ||
| 650 |
_aUrdu Literature _9347 |
||
| 880 |
_aنئی پود _6245-02\(3\r _cایوان تور گنیف، ترجمہ: انتظار حسین |
||
| 880 |
_aایوان تور گنیف _6100-01\(3\r |
||
| 880 |
_aلاہور: _6260-03\(3\r _bسنگ میل پبلی کیشنز، _c2005 |
||
| 942 |
_2ddc _cBK |
||